Operating systems : (Record no. 194211)
[ view plain ]
| 000 -LEADER | |
|---|---|
| fixed length control field | 00837 a2200205 4500 |
| 003 - CONTROL NUMBER IDENTIFIER | |
| control field | Nust |
| 005 - DATE AND TIME OF LATEST TRANSACTION | |
| control field | 20170207154118.0 |
| 010 ## - LIBRARY OF CONGRESS CONTROL NUMBER | |
| LC control number | 86020060 |
| 020 ## - INTERNATIONAL STANDARD BOOK NUMBER | |
| International Standard Book Number | 0070419205 : |
| 040 ## - CATALOGING SOURCE | |
| Transcribing agency | Nust |
| 082 00 - DEWEY DECIMAL CLASSIFICATION NUMBER | |
| Classification number | 005.43 |
| 100 1# - MAIN ENTRY--PERSONAL NAME | |
| Personal name | Milenkovic, Milan. |
| 245 10 - TITLE STATEMENT | |
| Title | Operating systems : |
| Remainder of title | concepts and design / |
| Statement of responsibility, etc. | Milan Milenkovic. |
| 260 ## - PUBLICATION, DISTRIBUTION, ETC. | |
| Place of publication, distribution, etc. | New York : |
| Name of publisher, distributor, etc. | McGraw-Hill, |
| Date of publication, distribution, etc. | c1987. |
| 300 ## - PHYSICAL DESCRIPTION | |
| Extent | xix, 568 p. : |
| Other physical details | ill. ; |
| Dimensions | 25 cm. |
| 440 #0 - SERIES STATEMENT/ADDED ENTRY--TITLE | |
| Title | McGraw-Hill computer science series |
| 505 ## - FORMATTED CONTENTS NOTE | |
| Formatted contents note | Introduction (Page-1), Input/Output (Page-22), Processes (Page-70), Interprocesses Synchronization (Page-124), Interprocesses Comm. And Synchronization (Page-175), Memory Management (Page-228), File Management (Page-312), KMOS (Page-364), Implementation Of KMOS (Page-397). |
| 538 ## - SYSTEM DETAILS NOTE | |
| System details note | Almirah No. 7 Shelf No. 4 |
| 650 #0 - SUBJECT ADDED ENTRY--TOPICAL TERM | |
| Topical term or geographic name entry element | Operating systems (Computers) |
| 942 ## - ADDED ENTRY ELEMENTS (KOHA) | |
| Source of classification or shelving scheme | |
| Koha item type | Book |
| Withdrawn status | Lost status | Source of classification or shelving scheme | Damaged status | Not for loan | Collection code | Permanent Location | Current Location | Date acquired | Total Checkouts | Full call number | Barcode | Date last seen | Price effective from | Koha item type |
|---|---|---|---|---|---|---|---|---|---|---|---|---|---|---|
| Military College of Signals (MCS) | Military College of Signals (MCS) | 12/12/2016 | 005.43 MIL | MCS27958 | 12/08/2016 | 12/12/2016 | Book |
